| 000 | 00852cam a22002891 4500 | ||
|---|---|---|---|
| 001 | 75579 | ||
| 003 | BD-RjUL | ||
| 005 | 20211209082719.0 | ||
| 008 | 190428s1968 nyua b 000 0 eng | ||
| 035 | _a(BD-RjUL)75797 | ||
| 040 |
_aDLC _cDLC _dDLC _beng |
||
| 041 | _aeng | ||
| 082 | 0 | 0 |
_a658.5423 _223 _bBAM 1964 |
| 100 | 1 |
_aBarnes, Ralph Mosser, _d1900- _9231269 |
|
| 245 | 0 | 0 |
_aMotion and time study: design and measurement of work / _c[by] Ralph M. Barnes. |
| 250 | _a5th ed. | ||
| 260 |
_aNew York, _bWiley _c[1964] |
||
| 300 |
_axi, 739 p.: _billus. _c24 cm. |
||
| 500 | _aIndex : p. 729-739 | ||
| 504 | _aBibliography: p. 713-728. | ||
| 650 | 0 |
_aMotion study. _9231270 |
|
| 650 | 0 |
_aTime study. _9231271 |
|
| 906 |
_a7 _bcbc _corignew _du _encip _f19 _gy-gencatlg |
||
| 942 |
_2ddc _cBK |
||
| 999 |
_c75579 _d75579 |
||